| 000 | 00000nam 2200000zi 4500 |
| 001 | 9.947184 |
| 003 | CaOODSP |
| 005 | 20250121100716 |
| 006 | m go d f |
| 007 | cr |n||||||||| |
| 008 | 250121e198711 onca ob f000 0 eng d |
| 040 | |aCaOODSP|beng|erda|cCaOODSP |
| 041 | |aeng|bfre |
| 043 | |an-cn--- |
| 086 | 1 |aCo24-3/11-2-1987E-PDF |
| 245 | 00|aEvaluation assessment report : |bradio frequency spectrum management program. |
| 264 | 1|a[Ottawa] : |bCommunications Canada, |cNovember 1987. |
| 300 | |a1 online resource (v, 50 pages) : |billustration. |
| 336 | |atext|btxt|2rdacontent |
| 337 | |acomputer|bc|2rdamedia |
| 338 | |aonline resource|bcr|2rdacarrier |
| 490 | 1 |aEvaluation assessment = Rapport préparatoire d'évaluation ; |v[2] |
| 500 | |aDigitized copy from print [produced by Innovation, Science and Economic Development Canada]. |
| 500 | |a"Communications Canada program evaluation series." |
| 504 | |aIncludes bibliographical references (pages 43-50). |
| 546 | |aIncludes summary in French. |
| 610 | 10|aCanada. |bDepartment of Communications|xEvaluation. |
| 610 | 16|aCanada. |bMinistère des communications|xÉvaluation. |
| 650 | 0|aRadio frequency allocation|zCanada|xManagement|xEvaluation. |
| 650 | 6|aRadiofréquences|xAttribution|zCanada|xGestion|xÉvaluation. |
| 710 | 1 |aCanada. |bCommunications Canada, |eissuing body. |
| 830 | #0|aEvaluation assessment = Rapport préparatoire d'évaluation ;|v[2]|w(CaOODSP)9.940712 |
| 856 | 40|qPDF|s1.56 MB|uhttps://publications.gc.ca/collections/collection_2025/isde-ised/co24/Co24-3-11-2-1987-eng.pdf |